Ide o využívanie či zneužívanie ústavných právomocí prezidenta?

Bibliographic Details
Main Author: Gembický, Július (Author)
Format: Article
Language:Slovak
Subjects:

MARC

LEADER 00000nab a2200000 a 4500
001 vtls000541533
003 SK-MaSNL
005 20260303201522.0
008 120928c1995 xo 0 slo
015 |a SNBRB19rr/mm-uuuuu 
035 |a CL0541671 
040 |a SNKBUCL  |b slo  |c SNKBUCL  |e AACR2 
041 0 |a slo 
044 |a xo  |c SK 
080 |a 342.511(437.6)  |2 1981 
100 1 |a Gembický, Július  |4 aut  |9 232498 
245 1 0 |a Ide o využívanie či zneužívanie ústavných právomocí prezidenta?  |c Július Gembický 
610 1 7 |a Slovensko.  |b Prezident  |2 snkbucl  |9 165734 
650 0 7 |a prezidentské právomoci  |2 snkbucl  |9 4490 
655 7 |a články z novín a časopisov  |2 snkbucl  |9 267496 
773 0 |t Národná obroda  |g Roč. 6, č. 73 (28. 3. 1995), s. 3 
850 |a Slovenská národná knižnica v Martine  |a MTA001 
852 |a SNK  |b KIS3GCP 
958 |a RK 
992 |a RBX 
999 |c 2174591  |d 2176521